| 000 | 00489nam a2200145Ia 4500 | ||
|---|---|---|---|
| 008 | 191108s9999 xx 000 0 und d | ||
| 020 | _a978-971-23-7815 | ||
| 100 | _aDatuin, Flaudette May | ||
| 245 |
_cFlaudette Datuin, Robert Paulino, Eileen Legaspi-Ramirez, Louise Marcelino.-- _aContemporary Philippine Arts from the Regions / |
||
| 250 | _a1st ed. | ||
| 260 |
_aManila: _bREX Book Store _c2016 |
||
| 300 | _a140 pages : | ||
| 500 | _aIncludes index. | ||
| 650 | _aPhilippines -- Art | ||
| 999 |
_c362508 _d362508 |
||